| 000 | 00906nam a2200253 i 4500 | ||
|---|---|---|---|
| 001 | 176022 | ||
| 003 | ES-MaACL | ||
| 005 | 20250830062808.0 | ||
| 007 | t| | ||
| 008 | 101210s1965 sp ||||1| spa d | ||
| 080 | _a2-144 | ||
| 100 | 1 |
_aGonzález de Cardedal, Olegario. _958532 |
|
| 245 | 1 | 3 |
_aMisterio trinitario y existencia humana _b: estudio histórico teológico en torno a San Buenaventura / _cOlegario González ; prólogo de Xavier Zubiri. |
| 260 |
_aMadrid ; México ; Buenos Aires ; Pamplona : _bRialp, _cimp. 1965. |
||
| 300 |
_aXX, 692 p. ; _c23 cm. |
||
| 490 | 1 |
_aBiblioteca de Teología ; _v6 |
|
| 500 | _aÍndice. | ||
| 600 | 0 | 4 |
_aBuenaventura _cSanto. _932363 |
| 650 | 1 | 4 |
_aTrinidad. _917649 |
| 700 | 1 |
_aZubiri, Xavier, _d1898-1983 _9118406 |
|
| 830 | 0 | 0 |
_aBiblioteca de teología _v6 _9183765 |
| 852 |
_aES-MaACL _jE-13755 _xOlim P-316-Ter |
||
| 999 |
_c176022 _d176022 |
||